000 01238cam a22003377a 4500
003 CHAP
005 20220329141106.0
008 971013s1988 r 00010 d
010 _a62459
011 _a63431
035 _a67607
040 _cCHAP
090 _aTesis
100 0 0 _aTello Balderas, José de Jesús.
_9112096
245 0 _aAnálisis gráfico-tabular de dos poblaciones silvestres de maguey mezcalero (Agave salmiana Otto ex Salm, ssp. crassipina (Trel.) Gentry) en el altiplano Potosino-Zacatecano
260 _aChapingo, Méx. :
_bEl autor,
_c1988
300 _a123 h.
_b: gráfs.
502 _aTesis (M.C. Esp. en Botánica) -- C.P. Centro de Botánica
590 _aALEPH
_b10
_c20130110
_lUCH01
_h1345
590 _aBATCH-UPD
_b10
_c20130110
_lUCH01
_h1822
590 _aBATCH-UPD
_b10
_c20130410
_lUCH01
_h1156
590 _aBATCH-UPD
_b10
_c20130913
_lUCH01
_h2001
590 _aCONVERSION
_b10
_c20130109
_lUCH01
_h1334
650 1 4 _aAgave mezcalero.
_91105
650 1 4 _aAgave salmiana.
_91106
901 _aBK
942 _cFOLL
949 _bBC
_cTES
_d33724000584520
_eTS2
_fc.3
_h31121
_i67607
_si
949 _bBC
_cTES
_d33724000584538
_eTS2
_fc.2
_h20567
_i67607
_sb
949 _bBC
_cTES
_d676071
_eTS1
_h20566
_i67607
_sb
999 _c62459
_d62459